000 00283nam a2200097Ia 4500
005 20250424112844.0
008 250424s9999 xx 000 0 und d
300 _a62 p. :ill. ; 28 cm.
650 _aBiomass chemicals. Energy crops--Biotechnology. Sustainable development.
942 _cSR
999 _c37517
_d37517